La fossa
Saved in:
| Hovedforfatter: | |
|---|---|
| Format: | Bog |
| Sprog: | ukendt sprog |
| Udgivet: |
Forl
Zoe
1999
|
| Tags: |
Ingen Tags, Vær først til at tagge denne postø!
|
MARC
| LEADER | 00000nam a2200000Ia 4500 | ||
|---|---|---|---|
| 001 | 65 | ||
| 003 | NUMERAZIONE-ORIGINALE-BRESCIA | ||
| 005 | 20260206230747.0 | ||
| 008 | 260206s9999 xx 000 0 und d | ||
| 100 | |a Clam | ||
| 245 | 0 | |a La fossa | |
| 260 | |a Forl | ||
| 260 | |b Zoe | ||
| 260 | |c 1999 | ||
| 942 | |2 ddc |c BK |n 0 | ||
| 952 | |0 0 |1 0 |2 ddc |4 0 |6 11 |7 0 |9 28251 |a BS |b BS |d 2026-02-06 |i 65 |l 0 |o 1-1-* |r 2026-02-06 22:40:31 |w 2026-02-06 |x [REVISIONARE] |y BK | ||
| 999 | |c 23947 |d 23947 | ||